000 00610nam a2200229 a 4500
001 BS0001966
003 BR-BrBNA
005 20231002162315.0
008 230308b |||||||| |||| 00| 0 por d
040 _aBR-BrBNA
_bpor
_cBiblioteca Nacional de Agricultura
041 _apor
072 _aS86
090 _aS86
_bBS0001966
100 1 _aMello, Thiago de.
245 1 _aPoesia comprometida com a minha e a tua vida /
250 1 _a3 ed.
260 3 _aRio de Janeiro, RJ:
_bCivilização Brasileira,
_c1978.
300 _a85 p.
650 _aLITERATURA BRASILEIRA
650 _aPOESIA
942 _cBK
_2AGRIS
999 _c6989
_d6989